=LDR 00000nam 2200000 4500 =001 INLIS000000000048652 =005 20200205093535 =035 ##$$a 0010-121600000000038 =008 200205################g##########0#ind## =020 ##$$a 978-979-29-4609-3 =040 ##$$a NBPDMAT =082 ##$$a 005.3 =090 ##$$a 005.3$Des d =245 ##$$a Desain web inspiratif dengan CSS /$c Editor Ignas =260 ##$$a Yogyakarta :$b Andi,$c 2014 =300 ##$$a v, 200 hlm. : $b ilus. ; $c 16x23 cm. =500 ##$$a Bibliografi : hlm 193 =500 ##$$a Biografi : hlm. 195 =650 #4$$a Web Desain =700 #$$a Ignas =850 ##$$a NBPDMAT =084 ##$$a 005.3 DES d =990 ##$$a 21601295 =990 ##$$a 21601296 =990 ##$$a 21601297 =990 ##$$a 21601298 =990 ##$$a 21601299